000 00738nam a2200241Ia 4500
005 20250425161956.0
008 250425s9999 xx 000 0 und d
041 _aspa
043 _aec
082 _a331.137
100 _aUNIVERSIDAD CATOLICA DE, SANTIAGO DE GUAYAQUIL
245 0 _aMICROEMPRESA MANUFACTURERA, SECTOR INFORMAL URBANO Y SUBEMPLEO EN GUAYAQUIL
250 _a1A ED.
260 _aEcuador
_bUNIVERSIDAD CATOLICA DE SANTIAGO DE GUAYAQUIL
_c1989
260 _aGUAYAQUIL
_bCENTRO DE PUBLICACIONES DE LA UNIVERSIDAD CATOLICA
300 _a220
650 _aMERCADO
650 _aMICROEMPRESA
650 _aSUBEMPLEO
710 _aUNIVERSIDAD CATÒLICA DE SANTIAGO DE GUAYAQUIL
942 _c01
010 _a38307
999 _c219959
_d219959